00547nam a22001577a 4500003000800000005001700008008004100025040002100066082001300087110001900100245008600119260004800205300001700253500009700270650002200367BD-DhUL20180227112728.0180227s2008 xxu||||| |||| 001 0 eng d aBD-DhULcBD-DhUL a341bUNY 0aUnited Nations 0aYearbook of the international law commission, 1998 : Vol,2 .P,1 /cUnited Nations aNew York ; Geneva :bUnited Nations,c2008. av. ; c30 cm aContents: v. 2. pt. 1. Documents of the fiftieth session Includes bibliographical references 0aInternational law